Markets (Record no. 84371)

MARC details
000 -LEADER
fixed length control field 01065cab a22002055a 4500
001 - CONTROL NUMBER
control field L157413
008 - FIXED-LENGTH DATA ELEMENTS--GENERAL INFORMATION
fixed length control field 121128e2012 xxk 000 0 eng d
035 ## - SYSTEM CONTROL NUMBER
System control number (Sirsi) u157413
041 0# - LANGUAGE CODE
Language code of text/sound track or separate title eng
100 1# - MAIN ENTRY--PERSONAL NAME
Personal name Eade, Christine
245 00 - TITLE STATEMENT
Title Markets
Remainder of title East Anglia and Essex
260 ## - PUBLICATION, DISTRIBUTION, ETC.
Date of publication, distribution, etc. 2012
490 #0 - SERIES STATEMENT
Series statement Property Week
Volume/sequential designation 78(47) 23 November 2012, 49-56(4)
520 ## - SUMMARY, ETC.
Summary, etc. Surveys recent commercial property activity in the region: Cambridge experiences record-breaking office rents as developers capitalise on low stock; the Futura Park out-of town store near Ipswich is the first hybrid Waitrose and John Lewis At Home; the East Anglia Offshore Windfarm is benefitting onshore business. Supermarkets get the no vote as Peterborough City Council focuses on the future of 112 derelict Nene-side acres favouring residential and leisure development. Bourn Hall, the Cambridge in vitro fertilisation specialist, is to open a branch near Wymondham.
590 ## - LOCAL NOTE (RLIN)
Local note KA
651 #4 - SUBJECT ADDED ENTRY--GEOGRAPHIC NAME
Geographic name East Anglia
651 #4 - SUBJECT ADDED ENTRY--GEOGRAPHIC NAME
Geographic name Essex
690 ## - LOCAL SUBJECT ADDED ENTRY--TOPICAL TERM (OCLC, RLIN)
Topical term or geographic name as entry element Commercial property
9 (RLIN) 6227
942 ## - ADDED ENTRY ELEMENTS (KOHA)
Suppress in OPAC 0
Holdings
Withdrawn status Lost status Source of classification or shelving scheme Damaged status Not for loan Home library Current library Shelving location Date acquired Total Checkouts Full call number Barcode Date last seen Copy number Price effective from Koha item type
    Dewey Decimal Classification     London London Journal article 28/11/2012   L157413 157413-1001 06/08/2019 1 06/08/2019 Journal article